LEADER 02863nam1 22005053i 450 001 SBL0461135 005 20251003044354.0 020 $aIT$b74177 100 $a19910930d1973 ||||0itac50 ba 101 | $aita 102 $ait 181 1$6z01$ai $bxxxe 182 1$6z01$an 183 1$6z01$anc$2RDAcarrier 200 1 $aContro l'inflazione$f[Michele Salvati ... et al.] 210 $aRoma$cCoines$d1973 215 $a123 p.$d19 cm 225 | $aQuaderni del Centro operaio$v3 314 $aSC/MIL 12/02/98 <1937- >$9CFIV033040 410 0$1001RAV0225351$12001 $aQuaderni del Centro operaio$v3$171202$aCentro operaio$c $3SBLV214756 464 1$1001NAP0863378$12001 $aˆL'‰inflazione italiana nel contesto internazionale e le alternative di fronte alla borghesia e al movimento operaio$fMichele Salvati$1700 1$aSalvati$b, Michele$f <1937- >$3CFIV033040$4070 464 1$1001NAP0863379$12001 $aˆLe ‰cause del processo inflazionistico$fCamillo Daneo$1700 1$aDaneo$b, Camillo$3CFIV086615$4070 464 1$1001NAP0863380$12001 $aInflazione e iniziativa sindacale$fGastone Sclavi$1700 1$aSclavi$b, Gastone$3RAVV023798$4070 464 1$1001RAV2099417$12001 $aˆLa ‰classe operaia e l'aumento dei prezzi$fFernando Vianello$1700 1$aVianello$b, Fernando$3CFIV005555 606 $aInflazione$xItalia$2FIR$3SBLC073357$9I 606 $aItalia$xPolitica economica$x1973$2FIR$3SBLC084520$9I 676 $a332$9ECONOMIA FINANZIARIA$v23 676 $a332.41$9VALORE DELLA MONETA$v19 676 $a332.410 945$9$v20 676 $a332.410945$9VALORE DELLA MONETA. ITALIA$v20 686 $aSe.i.14.2.4$cStoria dell'economia italiana. 1963-1975. Moneta, credito, inflazione$2F 702 1$aSalvati$b, Michele$f <1937- >$3CFIV033040 801 3$aIT$bIT-000000$c19910930 850 $aIT-BN0095 $aIT-NA0079 $aIT-NA0261 $aIT-AV0045 901 $bNAP MV$cF $nDEPOSITO LIBRARIO SCIENZE SOCIALI SALA F 901 $bNAP BN$cA $nComprende volumi con collocazioni per formato catalogati prima del 1987. La consegna del doc. é effettuata dall'Uff. Distribuzione. 901 $bNAP BN$cV.F. $nLa consegna dei documenti è effettuata dall'Ufficio Distribuzione 901 $bNAP 01$cPOZZO LIB.$nVi sono collocati fondi di economia, periodici di ingegneria e scienze, periodici di economia e statistica e altri fondi comprendenti documenti di economia pervenuti in dono. 901 $bNAP FT$cST. CIV. $n$ 912 $aSBL0461135 950 1$aBiblioteca Centralizzata di Ateneo$c1 v.$d 01POZZO LIB.F. SANTI 233$e 0101 0060032755E VMA 1 v. (Precedente collocazione S 240)$fB $h20221109$i20221109 967 $n4 977 $a 01$a BN$a FT$a MV 996 $aContro l'inflazione$957767 997 $aUNISANNIO